000 00312nam a2200133Ia 4500
100 _aRoy choudhury/ T
942 _cBK
654 _aengineering
245 _aApplied Engineering thermodynamics
260 _bTata Mc Graw hill
_aNew Delhi
_c1987
082 _a621.4021
_bROY
300 _a244
546 _aENGLISH
999 _c32071
_d32071